书目信息 |
| 书名: | Software engineering for small computers | |
| 作者: | R.B. Coats. | |
| 分册号: | ||
| 分册名: | 出版地: | London : |
|
| 出版社: | E. Arnold | |
| 出版时间: | c1982. | |
| 页数: | vi, 249 p. : | |
| 开本: | 24 cm. | |
| 丛书名: | ||
| 中图分类号: | ||
| 科图分类号: | ||
| 其他分类号: | TP36:H31 | |
| 主题词: | ||
| 电子资源: | ||
| 000 | 00577cam 2200193 a 4500 | |
| 001 | E0740194909 | |
| 005 | 20070301111434.79 | |
| 008 | 830119s1982 enk eng c | |
| 020 | @a0713134720. | |
| 050 | 4 | @aQA 76.6@bC65 1982 |
| 090 | @aP176/W610 | |
| 090 | @aTP36:H31 | |
| 099 | @dTP36:H31@ex50 | |
| 100 | 1 | @aCoats, Robert B. |
| 245 | 10 | @aSoftware engineering for small computers :@ba programmer's companion / @cR.B. Coats. |
| 260 | @aLondon :@bE. Arnold,@cc1982. | |
| 300 | @avi, 249 p. :@bill. ;@c24 cm. | |
| 650 | 0 | @aComputer programming. |
| 920 | @a232010@z2 | |
| Software engineering for small computers : : a programmer's companion / / R.B. Coats.-London : : E. Arnold, , c1982. |
| vi, 249 p. : : ill. ; ; 24 cm. |
| ISBN 0713134720. |
| ● |
| 相关链接 |
|
|
|
|
正题名:Software engineering for small computers
索取号:TP36:H31/x50
 
预约/预借
| 序号 | 登录号 | 条形码 | 馆藏地/架位号 | 状态 | 备注 |
| 1 | 126093 | 001310879 | 第四借阅区/ [索取号:TP36:H31/x50] | 在馆 | |
| 2 | 126094 | 001311360 | 第四借阅区/ [索取号:TP36:H31/x50] | 在馆 | |
| 3 | 126095 | 001310842 | 第四借阅区/ [索取号:TP36:H31/x50] | 在馆 | |
| 4 | 126096 | 001310806 | 第四借阅区/ [索取号:TP36:H31/x50] | 在馆 | |
| 5 | 126097 | 001310888 | 第二样本阅览室/ [索取号:TP36:H31/x50] | 在馆 |